| 000 | 00440 a2200121 4500 | ||
|---|---|---|---|
| 001 | ART_51819 | ||
| 005 | 20260410162044.0 | ||
| 008 | 260409a | ||
| 245 | 1 | 0 | _aUna importante sentencia que admite la aplicación del ajuste por inflación en el impuesto a las ganancias del período fiscal 2018 |
| 100 | 1 | _aTorassa, Marcos R. | |
| 700 | 1 | _aVidal Quera, Gastón F. | |
| 773 | 0 |
_tImpuestos _g- N°88 (nov. 2020) _wREV45175 |
|
| 999 |
_c35194 _d35194 |
||